Locations And Municipalities of Vatican City - Statistics

General Stats
  • This quiz has been taken 5 times
  • The average score is 3 of 18
Answer Stats
Subdivision Type Subdivision % Correct
Location Saint Peter's Square
100%
Municipality Vatican City
75%
Location Saint Peter's Basilica
50%
Location Saint Martha's House
25%
Location Vatican Museums
25%
Location Courthouse and Gendarmerie Office
0%
Location Gardener's Lodge
0%
Location Governorate's Palace
0%
Location Marconi Radio Transmission Center
0%
Location Palace of Saint Charles
0%
Location Paul VI Audience Hall
0%
Location Pius IV House
0%
Location Pontifical Ethiopian College
0%
Location Sacristy
0%
Location Saint Stephen of the Ethiopians
0%
Location Vatican Art Gallery
0%
Location Vatican City Railway Station
0%
Location Vatican Radio Offices
0%
No matching quizzes found
Score Distribution
Percent of People with Each Score
Percentile by Number Answered
Your Score History
You have not taken this quiz